| 000 | 00389nam a2200145Ia 4500 | ||
|---|---|---|---|
| 008 | 210210b1994 xxu||||| |||| 00| 0 eng d | ||
| 020 | _a81 7040 868 7 | ||
| 082 | _a320.3 DASC | ||
| 100 | _aDAS (Hari Hara). | ||
| 245 | _aComparative politics and government. | ||
| 260 |
_aBombay _bHimalaya Publishing House _c1994 |
||
| 300 | _a476 | ||
| 690 | _aComparative Governments | ||
| 906 | _a050957 | ||
| 999 |
_c99706 _d99706 |
||